000 01002nam a2200253 i 4500
001 bg
245 0 0 _aProcedury podejmowania decyzji w Unii Europejskiej :
_bprzygotowanie polskiej administracji do członkostwa w Unii Europejskiej : materiały z konferencji, Warszawa 30 stycznia 2003 r. /
_c[oprac. tekstów Mariusz Daca ; Urząd Komitetu Integracji Europejskiej].
260 _aWarszawa :
_bUKIE,
_c2003.
300 _a67, [1] s. ;
_c24 cm.
490 1 _aBiblioteka Europejska ;
_v26
650 9 _aDecyzje administracyjne
_zPolska
_yod 1989 r.
650 9 _aDecyzje administracyjne
_xUnia Europejska
655 _aMateriały konferencyjne
700 1 _aDaca, Mariusz.
_eOprac.
710 0 _aUrząd Komitetu Integracji Europejskiej (Warszawa)
830 _aBiblioteka Europejska ;
020 _a8389218461
040 _cBPK
041 0 _apol
080 _a351.077.3:351/354"1989/..."](438:4-67)(061)
920 _a83-89218-46-1
942 _cKS
008 s pl f |000 0 pol
999 _c43845
_d43845
856 _uhttp://koha.tu.koszalin.pl/cgi-bin/koha/opac-detail.pl?biblionumber=43845
_yKatalog online BPK